[Event "Hoogovens"]
[Site "Wijk aan Zee"]
[Date "1976.??.??"]
[Round "6"]
[White "Langeweg, Kick"]
[Black "Tal, Mihail"]
[Result "0-1"]
[WhiteElo "2450"]
[BlackElo "2615"]

1.Nf3 g6 2.e4 Bg7 3.d4 d6 4.c3 Nf6 5.Bd3 O-O 6.O-O Nc6 7.Nbd2 Re8 8.Nc4 e5
9.dxe5 Nxe5 10.Nfxe5 dxe5 11.Qc2 Qe7 12.b4 Nh5 13.Re1 Be6 14.a4 Rad8 15.Na5 Bc8
16.Be3 Qf6 17.Bb5 c6 18.Bf1 b6 19.Nb3 Qe7 20.a5 Qc7 21.axb6 axb6 22.Nd2 Be6
23.Ra6 Rb8 24.Nc4 Bxc4 25.Bxc4 Red8 26.Rea1 Nf6 27.f3 Rd7 28.Qf2 c5 29.bxc5 bxc5
30.h3 h5 31.Qh4 Rb6 32.R6a2 Kh7 33.Bg5 Rbd6 34.Kh2 Qb6 35.Qe1 Qd8 36.Be3 Rd1
37.Rxd1 Rxd1 38.Qf2 Qc7 39.Qc2 Rd7 40.Qf2 Bf8 41.Ra6 Rd6 42.Ra8 Bh6 43.Bxh6 Kxh6
44.Qa2 Qe7 45.Bxf7 h4 46.Bc4 Nh7 47.Qf2 Qg5 48.Qxc5 Rd1  0-1

[Event "Hoogovens"]
[Site "Wijk aan Zee"]
[Date "1976.??.??"]
[Round "8"]
[White "Kurajica, Bojan"]
[Black "Andersson, Ulf"]
[Result "0-1"]
[WhiteElo "2525"]
[BlackElo "2585"]

1.e4 c5 2.f4 Nc6 3.Nf3 g6 4.Bb5 Bg7 5.Bxc6 bxc6 6.d3 d6 7.Nc3 Rb8 8.O-O f5
9.e5 Nh6 10.exd6 Qxd6 11.Kh1 O-O 12.Qe2 Nf7 13.Re1 Re8 14.Ne5 Ba6 15.b3 Nxe5
16.fxe5 Qd4 17.Bb2 c4 18.dxc4 Bxc4 19.Na4 Qg4 20.Qxg4 fxg4 21.Bd4 Be6 22.Bxa7 Rbd8
23.Re2 Bf5 24.Rae1 Bh6 25.Bb6 Ra8 26.Bd4 Ra5 27.c3 Rea8 28.Bc5 Kf7 29.Bb4 R5a6
30.c4 Bg7 31.Bc3 Bh6 32.Rd1 Bg5 33.c5 Rxa4 34.bxa4 Rxa4 35.Rb2 Ke6 36.Bb4 Be4
37.a3 Bd5 38.Re1 h5 39.Kg1 Bh6 40.Kf2 h4 41.Rd1 Ra8 42.Re2 Bf4 43.Rd4 g3+
44.hxg3 hxg3+ 45.Kg1 Bc1 46.Rd3 Bc4 47.Ree3 Bxd3 48.Rxd3 Bf4 49.Be1 Kxe5
50.Bxg3 Ke4 51.Rb3 Bc1 52.Rb7 e5 53.Re7 Be3+ 54.Kf1 Bd4 55.Re6 Kd3 56.Rd6 Rxa3
57.Rxg6 Ra1+ 58.Be1 e4  0-1

[Event "Hoogovens"]
[Site "Wijk aan Zee"]
[Date "1976.??.??"]
[Round "10"]
[White "Bohm, Hans"]
[Black "Ree, Hans"]
[Result "1/2-1/2"]
[WhiteElo "2425"]
[BlackElo "2420"]

1.e4 c5 2.g3 d5 3.exd5 Qxd5 4.Qf3 Qxf3 5.Nxf3 Nc6 6.Bg2 g6 7.O-O Bg7 8.Na3 Bd7
9.c3 Rc8 10.d3 Nf6 11.Bf4 Nd5 12.Bd2 O-O 13.Ng5 Nc7 14.f4 Rfd8 15.Be3 b6
16.Rad1 h6 17.Nh3 Bg4 18.Bxc6 Bxh3 19.Bg2 Bg4 20.Rd2 Be6 21.Nc4 Nd5 22.Kf2 Nxe3
23.Nxe3 f5 24.Ke2 b5 25.a3 a5 26.a4 bxa4 27.Ra1 Bb3 28.Nc4 e5 29.fxe5 Bxc4
30.dxc4 Rxd2+ 31.Kxd2 Bxe5 32.Rxa4 Bc7 33.Ra1 Rb8  1/2-1/2